Responses for Show #7956 - Monday, March 25, 2019

Contestants

[<< previous game]

Mara Taylor, a retired attorney from the Bronx, New York

Ryan Ermey, a journalist from Washington, D.C.

Dave Scatena, a chemical engineer from San Francisco, California (whose 1-day cash winnings total $4,600)

[next game >>]

Jeopardy! Round responses

LET'S HEAD NORTH
(Alex: Let's leave Southern California and head north, shall we?)
CRAYOLA COLORS
IS IT SCIENCE?
SAME FIRST & LAST LETTER
(Alex: In each correct response.)
WINE
WOMEN IN SONG
    $200 20
North Carolina

Ryan
    $200 11
Christmas

Dave
    $200 9
(Ryan: What is an exact science?)

rocket science

Ryan
Triple Stumper
    $200 5
yesterday

Ryan
    $200 1
sommelier

Dave
    $200 18
Mrs. Robinson

Mara
    $400 21
North Korea

Triple Stumper
    $400 12
(Mara: What is lavender?)

violet

Mara
Triple Stumper
    $400 10
psychology

Triple Stumper
    $400 6
roger

Ryan
    $400 2
(Francis Ford) Coppola

Dave
    $400 19
J.Lo (or Jennifer Lopez)

Dave
    $600 22
Oregon

Dave
    $600 13
pearl

Mara
    $600 25
(Ryan: What is a data science?)
(Mara: What is real?)
....
(Dave: Find them all hard.)

hard science

RyanMara
Triple Stumper
    $600 7
experience

Dave
    $600 3
Syrah

Dave
    $600 28
Delilah

Mara
    $800 23
the north pole

Triple Stumper
    $800 16
macaroni and cheese

Ryan
    $800 26
(Alex: Less than a minute now.)

alchemy

Dave
    $800 14
Nippon

Ryan
    $800 4
Corked

Ryan
    $800 29
(My) Sharona

Ryan
    $1000 24
the Highlands

Dave
    $1000 17
(Mara: What is clover?)

shamrock

RyanMara
    $1000 27
(Mara: What is theologism?)

creationism

RyanMara
    $1000 15
the wheelbarrow

Mara
    $1000 8
Alsace

Triple Stumper
    $3,200 30
(Ryan: Who is "Sherry"?)

"Peggy Sue"

Ryan

Scores at the first commercial break (after clue 15):

Dave Ryan Mara
$2,000 $2,000 $1,200

Scores at the end of the Jeopardy! Round:

Dave Ryan Mara
$4,800 $2,000 -$600

Double Jeopardy! Round responses

BABY BOOMER SOONER
NONFICTION
SINGLE-CONSONANT WORDS
1960s AMERICA
THEY COME IN PAIRS
-"GRAM"S
(Alex: "G-R-A-M" will come up in each correct response.)
    $400 8
Ron Howard

Dave
    $400 5
anatomy

Mara
    $400 1
queue

Mara
    $400 18
the Super Bowl

Ryan
    $400 13
gloves

Dave
    $800 9
Dr. Phil

Dave
    $800 7
the sinking of the Titanic

Triple Stumper
    $800 2
beau

Mara
    $4,400 19
(Ryan: Who's John F. Kennedy?)

Lyndon Johnson

Ryan
    $800 14
a binary star

Triple Stumper
    $1200 10
Elizabeth Warren

Dave
    $1200 3
hue

Mara
    $1200 20
(Ryan: Who is John Glenn?)
(Mara: Who is Neil Armstrong?)

Alan Shepard

DaveRyanMara
    $1200 15
castanets

Mara
    $2,100 25
[The end-of-round signal sounds.]

candygram

Mara
    $1600 11
Tulsa

Dave
    $1600 4
(Dave: [*]--what are [*]?)

the id and the ego

Dave
    $1600 21
(Dave: What is Selma?)
(Mara: What is Montgomery?)

Birmingham

DaveRyanMara
    $1600 16
Orville and Wilbur Wright

Dave
    $1600 23
(Alex: Less than a minute now.)

an angiogram

Mara
    $2000 12
the Seattle Seahawks

Dave
    $2000 6
adieu

Ryan
    $2000 22
(Betty) Friedan

Mara
    $2000 17
the owl and the pussycat

Triple Stumper
    $2000 24
(Mara: What are pictograms?)

lexigrams

Mara
Triple Stumper

Scores at the end of the Double Jeopardy! Round:

Dave Ryan Mara
$14,000 $400 $4,300
(lock game)

[wagering suggestions for these scores]

Final Jeopardy! Round responses

FOREIGN TRANSPORTATION
(Alex: [To Mara] The people on hajj.)
RyanWhat is Peggy Sue & LBJ?
$0
MaraWhat is Mecca?
$3,499
DaveWhat is Mecca?
$4,600
Mecca

Final scores:

Dave Ryan Mara
$18,600 $400 $7,799
2-day champion: $23,200 3rd place: $1,000 2nd place: $2,000

Game dynamics:

Coryat scores:

Dave Ryan Mara
$14,000 $8,000 $3,400
18 R,
1 W
12 R,
5 W
(including 2 DDs)
12 R
(including 1 DD),
7 W

Combined Coryat: $25,400

[game clues] [game scores] [suggest correction]

Game tape date: 2019-02-04
The J! Archive is created by fans, for fans. Scraping, republication, monetization, and malicious use prohibited; this site may use cookies and collect identifying information. See terms. The Jeopardy! game show and all elements thereof, including but not limited to copyright and trademark thereto, are the property of Jeopardy Productions, Inc. and are protected under law. This website is not affiliated with, sponsored by, or operated by Jeopardy Productions, Inc. Join the discussion at JBoard.tv.